000 00490nam a22001817a 4500
003 NUST - PNEC
005 20170116181003.0
008 150912b xxu||||| |||| 00| 0 eng d
020 _a1556152973
040 _cLIBRARY
082 _a005.52 BOO
100 _99643
_a Boom, Michael
245 _aLearn microsoft word for windows now
_c Michael Boom
250 _aSpecial edition
260 _cc.1990
650 _99645
_aWord processing
_xMIS. Computer Science
942 _2ddc
_cBK
999 _c66787
_d66787